000 00453pab a2200169 454500
008 180718b2011 xxu||||| |||| 00| 0 eng d
100 _aKirmani, Nida
245 _aBeyond the impasse: `Muslim feminism(s)' and the Indian women's movement
260 _c2011
300 _ap.1-26.
362 _aFeb
650 _aMuslim Women
650 _aWomens liberation movement
773 _aContributions to Indian Sociology
908 _aN
909 _a91576
999 _c91576
_d91576